Cheiro's Palmistry: (Record no. 211963)
[ view plain ]
| 000 -LEADER | |
|---|---|
| fixed length control field | 00618 a2200193 4500 |
| 005 - DATE AND TIME OF LATEST TRANSACTION | |
| control field | 20250626111744.0 |
| 010 ## - LCCN (DPL NO) | |
| LC control number | ENG-145575 |
| 020 ## - INTERNATIONAL STANDARD BOOK NUMBER | |
| International Standard Book Number | 9789384741075 |
| Terms of availability | 250.00 |
| 035 ## - SYSTEM CONTROL NUMBER | |
| System control number | EN-129107 |
| 037 ## - SOURCE OF ACQUISITION | |
| Source of stock number/acquisition | DBAD |
| 082 14 - DEWEY DECIMAL CLASSIFICATION NUMBER | |
| Classification number | 133.6 |
| Edition number | 1 |
| 100 ## - MAIN ENTRY--PERSONAL NAME | |
| Personal name | Goverdhan |
| 245 1# - TITLE STATEMENT | |
| Title | Cheiro's Palmistry: |
| Remainder of title | In Indian Perspective/ |
| Statement of responsibility, etc | Goverdhan |
| 260 ## - PUBLICATION, DISTRIBUTION, ETC. (IMPRINT) | |
| Place of publication, distribution, etc | New Delhi |
| Name of publisher, distributor, etc | Bhardwaj Publishing House |
| Date of publication, distribution, etc | 2015 |
| 270 ## - ADDRESS | |
| Address | 40 A ,Subhash Park Extention 2, Uttam Nagar |
| City | New Delhi |
| Postal code | 110059 |
| Electronic mail address | bphdelhi@gmail.com |
| Telephone number | 9999375914 |
| 300 ## - PHYSICAL DESCRIPTION | |
| Extent | 174p.: |
| Dimensions | 21cm(hb) |
| 700 ## - ADDED ENTRY--PERSONAL NAME | |
| 9 (RLIN) | 70554 |
| 942 ## - ADDED ENTRY ELEMENTS (KOHA) | |
| Institution code [OBSOLETE] | dpl |
| Item type | English Books |
| Source of classification or shelving scheme | Dewey Decimal Classification |
| Classification part | 133.6 |
| Call number suffix | GOV |
| Edition | 1 |
| Withdrawn status | Lost status | Not for loan | Collection code | Home library | Current library | Date acquired | Source of acquisition | Cost, normal purchase price | Full call number | Barcode | Copy number | Cost, replacement price | Koha item type |
|---|---|---|---|---|---|---|---|---|---|---|---|---|---|
| Non-fiction | Sarojini Nagar | Sarojini Nagar | 26/06/2025 | Delivery of Books Act Division | 250.00 | 133.6 GOV | EN-129107 | 1 | 250.00 | English Books |
